| 000 | 00947nam a22002897a 4500 | ||
|---|---|---|---|
| 999 |
_c320827 _d320827 |
||
| 001 | 34396 | ||
| 003 | UA-OsUOA | ||
| 005 | 20190822122846.0 | ||
| 007 | ta | ||
| 008 | 20051003b un ||||| |||| 00| 0 ukr d | ||
| 020 | _a5-330-00326-1 | ||
| 040 |
_aUA-OsUOA _bukr _cUA-OsUOA _dUA-OsUOA |
||
| 041 | _aukr | ||
| 080 | _a91 | ||
| 090 |
_a91 _bГ15 |
||
| 100 | _aГалицький В. І. | ||
| 245 |
_aГеографічні відкриття, дослідження і дослідники _bКалендар-довідник _cГалицький В. І., Галицька Н. Ф. |
||
| 260 |
_aК. _c1988 _bРад. шк. |
||
| 300 |
_a239 с. _bіл. |
||
| 504 | _aБібліогр.: с. 224-226 | ||
| 650 | 7 |
_a9 Географія. Біографії. Історія _2UDC |
|
| 700 | _aГалицька Н. Ф. | ||
| 942 |
_cBK _2udc |
||
| 955 | _a2 | ||